Welcome to CU Library Online Public Access Catalogue (OPAC)

Administrative law / (Record no. 3918)

MARC details
000 -LEADER
fixed length control field 01001cam a2200253 a 4500
001 - CONTROL NUMBER
control field 12160114
005 - DATE AND TIME OF LATEST TRANSACTION
control field 20250217185434.0
008 - FIXED-LENGTH DATA ELEMENTS--GENERAL INFORMATION
fixed length control field 000831s2000 enk 001 0 eng
020 ## - INTERNATIONAL STANDARD BOOK NUMBER
International Standard Book Number 0198765258 (alk. paper)
050 00 - LIBRARY OF CONGRESS CALL NUMBER
Classification number KD4879
Item number .W3 2000
082 00 - DEWEY DECIMAL CLASSIFICATION NUMBER
Classification number 342.41/06
Edition information 21
100 1# - MAIN ENTRY--PERSONAL NAME
Personal name Wade, William,
Dates associated with a name 1918-2004.
245 10 - TITLE STATEMENT
Title Administrative law /
Statement of responsibility, etc. by Sir William Wade.
250 ## - EDITION STATEMENT
Edition statement 8th ed. /
Remainder of edition statement by Sir William Wade and Christopher Forsyth.
260 ## - PUBLICATION, DISTRIBUTION, ETC.
Place of publication, distribution, etc. Oxford ;
-- New York :
Name of publisher, distributor, etc. Oxford University Press,
Date of publication, distribution, etc. 2000.
300 ## - PHYSICAL DESCRIPTION
Extent xc, 1027 p. ;
Dimensions 25 cm.
500 ## - GENERAL NOTE
General note Includes index.
650 #0 - SUBJECT ADDED ENTRY--TOPICAL TERM
Topical term or geographic name entry element Administrative law
Geographic subdivision Great Britain.
700 1# - ADDED ENTRY--PERSONAL NAME
Personal name Forsyth, C. F.
856 42 - ELECTRONIC LOCATION AND ACCESS
Materials specified Publisher description
Uniform Resource Identifier <a href="http://www.loc.gov/catdir/enhancements/fy0639/00046484-d.html">http://www.loc.gov/catdir/enhancements/fy0639/00046484-d.html</a>
856 41 - ELECTRONIC LOCATION AND ACCESS
Materials specified Table of contents only
Uniform Resource Identifier <a href="http://www.loc.gov/catdir/enhancements/fy0639/00046484-t.html">http://www.loc.gov/catdir/enhancements/fy0639/00046484-t.html</a>
856 42 - ELECTRONIC LOCATION AND ACCESS
Materials specified Contributor biographical information
Uniform Resource Identifier <a href="http://www.loc.gov/catdir/enhancements/fy0725/00046484-b.html">http://www.loc.gov/catdir/enhancements/fy0725/00046484-b.html</a>
942 ## - ADDED ENTRY ELEMENTS (KOHA)
Source of classification or shelving scheme Library of Congress Classification
Koha item type Books
Suppress in OPAC No
999 ## -
-- 3918
-- 3918
Holdings
Withdrawn status Lost status Source of classification or shelving scheme Damaged status Not for loan Collection Home library Current library Shelving location Date acquired Total checkouts Full call number Barcode Date last seen Copy number Price effective from Koha item type
    Library of Congress Classification     Non-fiction Law Library (Christ Temple) Law Library (Christ Temple) General stacks 02/17/2025   KD4879.W3 WAD LLCT00000426 02/17/2025 1 02/17/2025 Books
© 2023-2024 Copyright: Central University Libraries. All Rights Reserved | Created by: Mahone Tech Office